[Event "GER-ch54 V02 email"]
[Site "GER email"]
[Date "2022.05.01"]
[Round "?"]
[White "Frotscher, Thomas"]
[Black "Andersen, Jens"]
[Result "1/2-1/2"]
[WhiteElo "2194"]
[BlackElo "2078"]
[PlyCount "91"]
[EventDate "2022.05.01"]
[EventType "tourn (corr)"]
[EventRounds "10"]
[EventCountry "GER"]
[SourceTitle "Corr 2024"]
[Source "ChessBase"]
[SourceDate "2023.10.19"]
[SourceVersion "1"]
[SourceVersionDate "2023.10.19"]
[SourceQuality "1"]

1. d4 Nf6 2. c4 g6 3. Nc3 Bg7 4. e4 d6 5. Nf3 0-0 6. Be2 e5 7. 0-0 Bg4 8. d5 a5 9. h3 Bxf3 10. Bxf3 Nbd7 11. Qc2 Kh8 12. Bg5 h6 13. Be3 h5 14. Nb5 Nh7 15. g3 h4 16. Rae1 Bf6 17. Bg4 Nc5 18. a3 Qe7 19. Re2 c6 20. Nc3 Bg5 21. Bxc5 dxc5 22. Qd3 Rad8 23. Kg2 Nf6 24. f4 Bh6 25. fxe5 Nxg4 26. hxg4 Bg7 27. gxh4 Bxe5 28. g5 f6 29. gxf6 Rxf6 30. Qe3 Kg7 31. Rxf6 Qxf6 32. Qg5 Rh8 33. Na4 Rxh4 34. Qxf6+ Kxf6 35. Nxc5 cxd5 36. cxd5 Rh2+ 37. Kf3 Rh3+ 38. Kf2 Bf4 39. Re1 Ke5 40. Nxb7 Rh2+ 41. Kg1 Rxb2 42. Nxa5 Bg3 43. Rd1 Kxe4 44. d6 Rb5 45. d7 Bc7 46. Nc4 1/2-1/2